UM Logo

Designing with inventor 10/ (Record no. 849)

MARC details
000 -LEADER
fixed length control field 00505nam a22001577a 4500
008 - FIXED-LENGTH DATA ELEMENTS--GENERAL INFORMATION
fixed length control field 160201b xxu||||| |||| 00| 0 eng d
020 ## - INTERNATIONAL STANDARD BOOK NUMBER
International Standard Book Number 9780078750892
082 ## - DEWEY DECIMAL CLASSIFICATION NUMBER
Edition number 2007
Classification number DK12 620.07
Item number Sh55
100 ## - MAIN ENTRY--PERSONAL NAME
9 (RLIN) 2333
Personal name Shih, Randy H.
245 ## - TITLE STATEMENT
Title Designing with inventor 10/
Statement of responsibility, etc. Randy H. Shih.
260 ## - PUBLICATION, DISTRIBUTION, ETC. (IMPRINT)
Place of publication, distribution, etc. New York :
Name of publisher, distributor, etc. McGraw Hill/ Glencoe,
Date of publication, distribution, etc. c2006.
300 ## - PHYSICAL DESCRIPTION
Extent 352 pages :
Other physical details illustrations ;
Dimensions 28cm.
500 ## - GENERAL NOTE
General note Includes glossary and index.
650 #0 - SUBJECT ADDED ENTRY--TOPICAL TERM
9 (RLIN) 2334
Topical term or geographic name as entry element Engineering
General subdivision Study and teaching.
942 ## - ADDED ENTRY ELEMENTS (KOHA)
Source of classification or shelving scheme Dewey Decimal Classification
Koha item type Circulation
Holdings
Withdrawn status Lost status Source of classification or shelving scheme Damaged status Not for loan Collection code Home library Current library Date acquired Source of acquisition Total Checkouts Full call number Barcode Date last seen Copy number Price effective from Koha item type
    Dewey Decimal Classification     K-12 UM Digos College - LIC UM Digos College - LIC 08/12/2015 Purchased   DK12 620.07 Sh55 2006 23257 05/15/2025 1 02/01/2016 Circulation